Společná zpráva Komise a Rady o přiměřených a udržitelných důchodech

Analýza správ o národných dôchodkových stratégiách členských štátov Európskej únie Európskou komisiou. Zhodnotenie úrovne plnenia spoločných cieľov. Primeranosť dôchodkov. Finančná udržateľnosť systémov dôchodkového zabezpečenia. Modernizácia systémov dôchodkového zabezpečenia.

Guardado en:
Detalles Bibliográficos
Formato: Capítulo de libro
Lenguaje:checo
Materias:
Etiquetas: Agregar Etiqueta
Sin Etiquetas, Sea el primero en etiquetar este registro!

MARC

LEADER 00000naa$a2200000$$$4500
001 0003791
005 20230913072450.8
041 0 |a cze 
044 |a CZ 
245 1 0 |a Společná zpráva Komise a Rady o přiměřených a udržitelných důchodech 
520 |a Analýza správ o národných dôchodkových stratégiách členských štátov Európskej únie Európskou komisiou. Zhodnotenie úrovne plnenia spoločných cieľov. Primeranosť dôchodkov. Finančná udržateľnosť systémov dôchodkového zabezpečenia. Modernizácia systémov dôchodkového zabezpečenia. 
610 2 0 |a Európska únia 
610 2 0 |a dôchodky starobné 
610 2 0 |a zabezpečenie dôchodkové 
610 2 0 |a reformy dôchodkové